'Allo 'Allo Characters (Map) Quiz Stats

 Plays Quiz not verified by Sporcle

Score 0/18 Timer 04:00
0 Plays Today
% Correct
René Artois
97.9%
Helga Geerhart
92.8%
Herr Flick
92.8%
Michelle Dubois
91.8%
Edith Artois
90.4%
Mimi Labonq
90.4%
Lieutenant Gruber
88%
Yvette Carte-Blance
83.5%
Officer Crabtree
80.4%
% Correct
Monsieur Alfonse
78%
Monsieur Leclerc
77.3%
Madame Fanny
73.2%
Captain Bertorelli
72.5%
Fairfax
69.8%
General von Klinkerhoffen
69.4%
Carstairs
68%
Herr von Smallhausen
62.9%
Colonel von Strohm
58.8%

You're not logged in!

Compare scores with friends on all Sporcle quizzes.
OR
Log In

Sporcle TV

Today on Sporcle TV


Watch our educational content, quiz creation guides, and fun videos on Sporcle TV.

Show Comments

Extras

Top Quizzes Today


Score Distribution

Your Account Isn't Verified!

In order to create a playlist on Sporcle, you need to verify the email address you used during registration. Go to your Sporcle Settings to finish the process.

Report this User

Report this user for behavior that violates our Community Guidelines.

Details: